Welcome to WEB OPAC of MRSPTU Central Library

Linux BIBLE : The comprehensive tutorial resource (Record no. 6381)

MARC details
000 -LEADER
fixed length control field 00441nam a2200169Ia 4500
008 - FIXED-LENGTH DATA ELEMENTS--GENERAL INFORMATION
fixed length control field 230711s9999||||xx |||||||||||||| ||und||
020 ## - INTERNATIONAL STANDARD BOOK NUMBER
International Standard Book Number 978-81-265-5585-7
041 ## - LANGUAGE CODE
Language code of text/sound track or separate title ENG
082 ## - DEWEY DECIMAL CLASSIFICATION NUMBER
Classification number 5.4
Item number NE-L
100 ## - MAIN ENTRY--PERSONAL NAME
Personal name Negus,Christopher
245 #0 - TITLE STATEMENT
Title Linux BIBLE : The comprehensive tutorial resource
250 ## - EDITION STATEMENT
Edition statement 9th Ed.
260 ## - PUBLICATION, DISTRIBUTION, ETC.
Date of publication, distribution, etc. 2015
Place of publication, distribution, etc. New Delhi
Name of publisher, distributor, etc. Wiley India Pvt.Ltd
300 ## - PHYSICAL DESCRIPTION
Extent 859p.
650 ## - SUBJECT ADDED ENTRY--TOPICAL TERM
Topical term or geographic name entry element Computer Engineering
942 ## - ADDED ENTRY ELEMENTS (KOHA)
Koha item type Book
Holdings
Withdrawn status Lost status Damaged status Not for loan Collection Home library Current library Date acquired Source of acquisition Cost, normal purchase price Inventory number Total checkouts Full call number Barcode Date last seen Price effective from Koha item type Date last checked out
          MRSPTU Central Library MRSPTU Central Library   Krishna Book Distributors 699.00 KBD/2016-2017/960742808   5.4 NE-L 37389 08/17/2023 08/17/2023 Book  
          MRSPTU Central Library MRSPTU Central Library   Krishna Book Distributors 699.00 KBD/2016-2017/960742808   5.4 NE-L 37390 08/17/2023 08/17/2023 Book  
          MRSPTU Central Library MRSPTU Central Library   Krishna Book Distributors 699.00 KBD/2016-2017/960742808 6 5.4 NE-L 37391 02/09/2026 08/17/2023 Book 02/05/2026
          MRSPTU Central Library MRSPTU Central Library   Krishna Book Distributors 699.00 KBD/2016-2017/960742808 3 5.4 NE-L 37392 03/10/2026 08/17/2023 Book 02/05/2026
          MRSPTU Central Library MRSPTU Central Library   Krishna Book Distributors 699.00 KBD/2016-2017/960742808 5 5.4 NE-L 37393 04/21/2026 08/17/2023 Book 04/01/2026

Website Designed and Developed by MRSPTU Central Library Team

E-mail Id: librarian@mrsptu.ac.in